000 00996nam a2200325Ia 4500
003 OSt
005 20220912144514.0
006 a|||||r|||| 00| 0
007 ta
008 220909b |||||||| |||| 00| 0 eng d
020 _a9789381714751 (hbk)
020 _aSL01562728
024 _a192670
037 _b204, 19/02/2015, N R Book Distributors
037 _cTextual
040 _aCSL
_beng
_cCSL
041 _aeng
082 _aI:(G:F), Q4;1 TI
100 _aFasella Paolo; Hussain Anwar
245 0 _aPlant biotechnology
260 _aNew Delhi
_b Medetc
_c2014
300 _axxiv, 499p. Col. ill.
500 _aAbbreviations 473-479p.; Glossary 481-485p.; References 487p.; Index 489-499p.
650 _a Forestry
650 _a Genome mapping
650 _aBiothics
700 _aFasella Paolo; Hussain Anwar
942 _hI:(G:F), Q4;1 TI
_cTEXL
_2CC
999 _c10408
_d10408